000 00692nam a2200217 a 4500
005 20140310183338.0
008 061103s19uu xx 00 eng d
020 _a0256153671
050 _aHG 181
_b.Sa33 1997
100 _aSaunders, Anthony
245 _aFinancial institutions management :
_ba modern perspective /
_cAnthony Saunders.
250 _a2nd ed.
260 _aChicago :
_bIrwin,
_c1997.
300 _a667 p :
_bill. (some col.) ;
_c26 cm.
521 _aBSA
650 _aFinancial institutions
_xUnites States
_xManagement.
650 _aRisk management
_xUnited States.
650 _aFinancial services industry
_xUnited States.
942 _cBK
_2lcc
_kFOR
999 _c21725
_d21725